Janobi Asia ki muntakhib Urdū shairi (Record no. 330624)
[ view plain ]
| 000 -LEADER | |
|---|---|
| fixed length control field | 01392cam a2200325 a 4500 |
| 001 - CONTROL NUMBER | |
| control field | 17423291 |
| 003 - CONTROL NUMBER IDENTIFIER | |
| control field | NUST |
| 005 - DATE AND TIME OF LATEST TRANSACTION | |
| control field | 20170726122437.0 |
| 008 - FIXED-LENGTH DATA ELEMENTS--GENERAL INFORMATION | |
| fixed length control field | 120809s2011 pk a 000 0 urd |
| 010 ## - LIBRARY OF CONGRESS CONTROL NUMBER | |
| LC control number | 2012430395 |
| 025 ## - OVERSEAS ACQUISITION NUMBER | |
| Overseas acquisition number | P-U-2012430395; 09 |
| 037 ## - SOURCE OF ACQUISITION | |
| Source of stock number/acquisition | Library of Congress -- Islamabad Overseas Office |
| Terms of availability | Rs 600 |
| 040 ## - CATALOGING SOURCE | |
| Original cataloging agency | DLC |
| Transcribing agency | DLC |
| 042 ## - AUTHENTICATION CODE | |
| Authentication code | lcode |
| -- | pcc |
| 043 ## - GEOGRAPHIC AREA CODE | |
| Geographic area code | a-pk--- |
| 050 00 - LIBRARY OF CONGRESS CALL NUMBER | |
| Classification number | ML128.S3 |
| Item number | A85 2011 |
| 066 ## - CHARACTER SETS PRESENT | |
| Alternate G0 or G1 character set | (3 |
| -- | (4 |
| 082 ## - DEWEY DECIMAL CLASSIFICATION NUMBER | |
| Classification number | 891.4391 |
| Author Mark | AHM |
| 100 1# - MAIN ENTRY--PERSONAL NAME | |
| Linkage | 880-01 |
| Personal name | Ahmad, Shafique. |
| 9 (RLIN) | 3577 |
| 245 10 - TITLE STATEMENT | |
| Linkage | 880-02 |
| Title | Janobi Asia ki muntakhib Urdū shairi |
| Statement of responsibility, etc. | by Jamil Chaudhary [at al...] |
| Remainder of title | (Hissa awal) 1980 tak/ |
| 260 ## - PUBLICATION, DISTRIBUTION, ETC. | |
| Linkage | 880-03 |
| Place of publication, distribution, etc. | Lāhore : |
| Name of publisher, distributor, etc. | Punjab University, |
| Date of publication, distribution, etc. | 2012. |
| 300 ## - PHYSICAL DESCRIPTION | |
| Extent | 681 p. : |
| Other physical details | ill. ; |
| Dimensions | 24 cm. |
| 500 ## - GENERAL NOTE | |
| General note | Filmi shairi |
| 520 ## - SUMMARY, ETC. | |
| Summary, etc. | Index of Pakistani Urdu songs from 1948 to 1970. |
| 546 ## - LANGUAGE NOTE | |
| Language note | In Urdu. |
| 650 #0 - SUBJECT ADDED ENTRY--TOPICAL TERM | |
| Topical term or geographic name entry element | Songs, Urdu |
| Geographic subdivision | Pakistan |
| Form subdivision | Indexes. |
| 9 (RLIN) | 3578 |
| 710 ## - ADDED ENTRY--CORPORATE NAME | |
| Corporate name or jurisdiction name as entry element | Punjab University Lahore, Pakistan |
| 9 (RLIN) | 3579 |
| 880 1# - ALTERNATE GRAPHIC REPRESENTATION | |
| Linkage | 100-01/(3/r |
| Title | شفیق احمد |
| 880 10 - ALTERNATE GRAPHIC REPRESENTATION | |
| Linkage | 245-02/(4/r |
| Title | جنوبی ایشیا کی منتخب اردو فلمی شاعری:حصہ اول 1980 تک |
| c | تحقیق و ترتیب : جمیل چوھدری، محمد سلیم مظہراور نسیم خالد ، نظر ثانی: شفیق احمد |
| 880 ## - ALTERNATE GRAPHIC REPRESENTATION | |
| Linkage | 260-03/(3/r |
| Title | لاهور : |
| b | پنجاب یونیورسٹی ، |
| c | 2012. |
| 906 ## - LOCAL DATA ELEMENT F, LDF (RLIN) | |
| a | 7 |
| b | cbc |
| c | origode |
| d | 3 |
| e | ncip |
| f | 20 |
| g | y-nonroman |
| 942 ## - ADDED ENTRY ELEMENTS (KOHA) | |
| Source of classification or shelving scheme | |
| Koha item type | Book |
| Withdrawn status | Lost status | Source of classification or shelving scheme | Damaged status | Not for loan | Permanent Location | Current Location | Shelving location | Date acquired | Total Checkouts | Full call number | Barcode | Date last seen | Date last checked out | Copy number | Price effective from | Koha item type |
|---|---|---|---|---|---|---|---|---|---|---|---|---|---|---|---|---|
| Central Library (CL) | Central Library (CL) | Fiction | 07/26/2017 | 1 | 891.4391 AHM | CL3112 | 04/18/2025 | 12/14/2023 | 1 | 07/26/2017 | Book |
